000 00481nam a2200181Ia 4500
003 GCL
008 140319s9999 xx 000 0 ara d
040 _aGCL /
_cGCL
082 0 4 _a811.0091
_bج ا
100 1 _aجمال القصاص
245 1 0 _aاضاءة 77 /
_cجمال القصاص
300 _a516 ص
490 _a100 قصة
_v0
650 0 4 _aالنقد
650 0 4 _aالدوريات
650 0 4 _aالشعر العربى - العصر الحديث
942 _2ddc
_cBK
999 _c43756
_d43756